Religion in the U.S.S.R. (Record no. 93)
[ view plain ]
| 000 -LEADER | |
|---|---|
| fixed length control field | 00757cam a22002651 4500 |
| 001 - CONTROL NUMBER | |
| control field | 8540304 |
| 003 - CONTROL NUMBER IDENTIFIER | |
| control field | GBCCL |
| 005 - DATE AND TIME OF LATEST TRANSACTION | |
| control field | 20241126110329.0 |
| 008 - FIXED-LENGTH DATA ELEMENTS--GENERAL INFORMATION | |
| fixed length control field | 741022s1963 ru ac 000 0 eng |
| 010 ## - | |
| -- | 74213277 |
| 035 ## - SYSTEM CONTROL NUMBER | |
| System control number | (OCoLC)1049536 |
| 040 ## - CATALOGING SOURCE | |
| Original cataloging agency | DLC |
| Transcribing agency | MeU-P |
| Modifying agency | OCoLC |
| -- | DLC |
| 041 1# - | |
| -- | engrus |
| 042 ## - | |
| -- | premarc |
| 050 00 - | |
| -- | BR936 |
| -- | .P8713 |
| 082 ## - DEWEY DECIMAL CLASSIFICATION NUMBER | |
| Classification number | 200.947 |
| Item number | PUZ |
| 100 1# - MAIN ENTRY--PERSONAL NAME | |
| Personal name | Puzin, Alexei. |
| 9 (RLIN) | 1700 |
| 245 10 - TITLE STATEMENT | |
| Title | Religion in the U.S.S.R. |
| 260 ## - PUBLICATION, DISTRIBUTION, ETC. | |
| Place of publication, distribution, etc. | [Moscow] |
| Name of publisher, distributor, etc. | Novosti Press Agency Publishing House |
| Date of publication, distribution, etc. | [1963?] |
| 300 ## - PHYSICAL DESCRIPTION | |
| Extent | 50 p., [62] p. of illus., ports. |
| Dimensions | 19 cm. |
| 500 ## - GENERAL NOTE | |
| General note | Translation of Religion v SSSR. |
| 651 #0 - SUBJECT ADDED ENTRY--GEOGRAPHIC NAME | |
| Geographic name | Soviet Union |
| General subdivision | Religion. |
| 9 (RLIN) | 1701 |
| 906 ## - LOCAL DATA ELEMENT F, LDF (RLIN) | |
| a | 7 |
| b | cbc |
| c | oclcrpl |
| d | u |
| e | ncip |
| f | 19 |
| g | y-gencatlg |
| 942 ## - ADDED ENTRY ELEMENTS (KOHA) | |
| Source of classification or shelving scheme | Dewey Decimal Classification |
| Koha item type | Books |
| Withdrawn status | Lost status | Source of classification or shelving scheme | Damaged status | Not for loan | Home library | Current Library | Shelving location | Date acquired | Total checkouts | Full call number | Barcode | Date last seen | Copy number | Price effective from | Koha item type |
|---|---|---|---|---|---|---|---|---|---|---|---|---|---|---|---|
| Dewey Decimal Classification | GRACE BIBLE COLLEGE | GRACE BIBLE COLLEGE | Philosophy and Religion | 2016-05-23 | 209.47 PUZ | 003952 | 2025-05-01 | c.1 | 2016-05-23 | Books |